| 000 | 00439cam a2200169ua 4500 | ||
|---|---|---|---|
| 001 | 6453 | ||
| 008 | 131210n ii |||gr||||Z||||||eng | ||
| 040 | _cMAIN | ||
| 082 | _a332.1 | ||
| 245 | 1 | 1 |
_aPrinciples of mercantile law _cBy B.N. Tandon |
| 260 |
_aNew delhi: _bS. Chand & Company ltd., _c1983. |
||
| 300 | _aviii,445p. | ||
| 653 | _aCommerce | ||
| 653 | _aPrinciples of mercantile law | ||
| 700 | 1 |
_aTandon,B.N., _eAuthor. |
|
| 942 | _cBK | ||
| 999 |
_c5602 _d5602 |
||